Tilastot visalle Nimeä kaikki kansanedustajat 2023-2027

Klikkaa tästä pelataksesi tätä visaa!

Yleistilastot

  • Tätä visaa on pelattu 776 kertaa
  • Keskiarvotulos 88 / 200

Vastaustilastot

Edustaja% Oikein
Sari Essayah
95%
Petteri Orpo
94%
Harry Harkimo
93%
Li Andersson
91%
Riikka Purra
90%
Annika Saarikko
87%
Anna-Maja Henriksson
85%
Otto Andersson
85%
Sanna Marin
85%
Jussi Halla-aho
83%
Päivi Räsänen
83%
Maria Ohisalo
77%
Joona Räsänen
76%
Sebastian Tynkkynen
76%
Antti Häkkänen
75%
Oras Tynkkynen
75%
Pekka Haavisto
74%
Sofia Virta
74%
Elina Valtonen
72%
Kim Berg
69%
Krista Kiuru
68%
Leena Meri
68%
Antti Kaikkonen
67%
Wille Rydman
67%
Mika Poutala
66%
Pauli Kiuru
66%
Mika Lintilä
64%
Anna-Kaisa Ikonen
63%
Atte Harjanne
63%
Kai Mykkänen
63%
Antti Kurvinen
62%
Fatim Diarra
62%
Katri Kulmuni
62%
Markus Lohi
62%
Miko Bergbom
62%
Anders Adlercreutz
61%
Joakim Vigelius
60%
Mari Rantanen
60%
Piritta Rantanen
60%
Antti Lindtman
59%
Eva Biaudet
57%
Ben Zyskowicz
56%
Minja Koskela
56%
Sari Tanus
56%
Veronika Honkasalo
56%
Anna-Kristiina Mikkonen
55%
Ilmari Nurminen
55%
Jussi Saramo
55%
Krista Mikkonen
55%
Anna Kontula
54%
Jari Koskela
54%
Matias Mäkynen
54%
Tytti Tuppurainen
54%
Vilhelm Junnila
54%
Ville Tavio
54%
Bella Forsgrén
53%
Kaisa Juuso
53%
Lulu Ranne
53%
Peter Östman
53%
Tiina Elo
53%
Timo Harakka
53%
Eveliina Heinäluoma
52%
Sinuhe Wallinheimo
52%
Mauri Peltokangas
51%
Anne Kalmari
50%
Petri Honkonen
50%
Ritva Elomaa
50%
Sandra Bergqvist
50%
Sari Multala
50%
Timo Furuholm
50%
Tuula Haatainen
50%
Arto Satonen
49%
Merja Kyllönen
49%
Mikko Savola
49%
Saara Hyrkkö
49%
Sheikki Laakso
49%
Veijo Niemi
49%
Aino-Kaisa Pekonen
48%
Hannu Hoskonen
48%
Noora Fagerström
48%
Saara-Sofia Sirén
48%
Johannes Koskinen
47%
Matias Marttinen
47%
Mira Nieminen
47%
Paula Risikko
47%
Tere Sammallahti
47%
Mai Kivelä
46%
Ville Skinnari
46%
Hanna Sarkkinen
45%
Marko Kilpi
45%
Riitta Mäkinen
45%
Hanna Kosonen
44%
Jani Mäkelä
44%
Karoliina Partanen
44%
Markku Eestilä
44%
Sakari Puisto
44%
Sanni Grahn-Laasonen
44%
Tarja Filatov
44%
Jorma Piisinen
43%
Laura Meriluoto
43%
Niina Malm
43%
Pekka Aittakumpu
43%
Pekka Toveri
43%
Timo Heinonen
43%
Joakim Strand
42%
Mikko Ollikainen
42%
Pinja Perholehto
42%
Sanna Antikainen
42%
Teemu Keskisarja
42%
Tuula Väätäinen
42%
Arja Juvonen
41%
Atte Kaleva
41%
Inka Hopsu
41%
Laura Huhtasaari
41%
Minna Reijonen
41%
Elisa Gebhard
40%
Hanna Holopainen
40%
Hanna-Leena Mattila
40%
Johanna Ojala-Niemelä
40%
Juha Hänninen
40%
Maria Guzenina
40%
Tuomas Kettunen
40%
Ari Koponen
39%
Jarno Limnell
39%
Timo Suhonen
39%
Eeva Kalli
38%
Hilkka Kemppi
38%
Mari-Leena Talvitie
38%
Sara Seppänen
38%
Sari Sarkomaa
38%
Sofia Vikman
38%
Jouni Ovaska
37%
Markku Siponen
37%
Marko Asell
37%
Olga Oinas-Panuma
37%
Mats Löfström
36%
Aki Lindén
35%
Aleksi Jäntti
35%
Eemeli Peltonen
33%
Ville Merinen
33%
Eerikki Viljanen
32%
Hanna Huttunen
32%
Jarmo Lindberg
32%
Juho Eerola
32%
Miapetra Kumpula-Natri
31%
Pia Hiltunen
31%
Heikki Vestman
30%
Jenni Pitko
30%
Pauli Aalto-Setälä
30%
Pia Kauma
29%
Janne Heikkinen
28%
Nasima Razmyar
28%
Susanne Päivärinta
28%
Terhi Koulumies
28%
Tomi Immonen
28%
Vesa Kallio
28%
Ville Kaunisto
28%
Aura Salla
27%
Mari Kaunistola
27%
Henrik Wickström
26%
Ville Valkonen
26%
Mia Laiho
25%
Petri Huru
25%
Pia Viitanen
25%
Rami Lehtinen
25%
Timo Mehtälä
25%
Kimmo Kiljunen
24%
Eeva-Johanna Eloranta
21%
Jaana Strandman
21%
Jenna Simula
21%
Mika Kari
21%
Onni Rostila
21%
Seppo Eskelinen
21%
Anders Norrback
20%
Juha Mäenpää
19%
Jukka Kopra
19%
Lauri Lyly
19%
Mikko Lundén
19%
Jani Kokko
18%
Pihla Keto-Huovinen
18%
Suna Kymäläinen
18%
Ville Väyrynen
18%
Antti Kangas
17%
Jari Ronkainen
17%
Timo Vornanen
17%
Ville Vähämäki
17%
Heikki Autto
16%
Juha Viitala
16%
Kaisa Garedew
16%
Paula Werning
15%
Anne Rintamäki
14%
Janne Jukkola
14%
Milla Lahdenperä
14%
Sami Savio
14%
Johan Kvarnström
13%
Mikko Polvinen
13%
Oskari Valtola
13%
Pia Sillanpää
13%
Saku Nikkanen
13%
Teemu Kinnari
13%

Tulosjakauma

Persentiili vastausten määrän mukaan

Jokaisen tuloksen saaneiden osuus

Tuloshistoriasi

Et ole pelannut tätä visaa